ՀՀ Գիտությունների ազգային ակադեմիայի հիմնարար գիտական գրադարան  =   Fundamental Scientific Library of NAS RA

Le jardin des betes sauvages : (Record no. 264022)

MARC details
000 -LEADER
fixed length control field 00701cam a22002171 4500
001 - CONTROL NUMBER
control field 000714271
003 - CONTROL NUMBER IDENTIFIER
control field AM-YeHGA
005 - DATE AND TIME OF LATEST TRANSACTION
control field 20250618073718.0
008 - FIXED-LENGTH DATA ELEMENTS--GENERAL INFORMATION
fixed length control field 740308s1933 fr 000 1 fre d
040 ## - CATALOGING SOURCE
Original cataloging agency AM-YeHGA
041 0# - LANGUAGE CODE
Language code of text/sound track or separate title fre
090 ## - LOCALLY ASSIGNED LC-TYPE CALL NUMBER (OCLC); LOCAL CALL NUMBER (RLIN)
-- 265652
100 1# - MAIN ENTRY--PERSONAL NAME
Personal name Duhamel, Georges,
Dates associated with a name 1884-1966.
245 13 - TITLE STATEMENT
Title Le jardin des betes sauvages :
Remainder of title Roman /
Statement of responsibility, etc. Georges Duhamel.
260 ## - PUBLICATION, DISTRIBUTION, ETC.
Place of publication, distribution, etc. [Paris] :
Name of publisher, distributor, etc. Mercvre de France,
Date of publication, distribution, etc. 1933.
300 ## - PHYSICAL DESCRIPTION
Extent 246 p., [5] l.
440 #3 - SERIES STATEMENT/ADDED ENTRY--TITLE
Title Le livre de poche.
Name of part/section of a work Texte integral
Volume/sequential designation 872
490 1# - SERIES STATEMENT
Series statement His Chronique des Pasquier,
Volume/sequential designation 2
650 14 - SUBJECT ADDED ENTRY--TOPICAL TERM
Topical term or geographic name entry element Ֆրանսիական գրականություն
9 (RLIN) 4810
800 1# - SERIES ADDED ENTRY--PERSONAL NAME
Personal name Duhamel, Georges,
Dates associated with a name 1884-1966.
-- Chronique des Pasquier.
Volume/sequential designation 2
Holdings
Withdrawn status Lost status Source of classification or shelving scheme Damaged status Not for loan Collection Home library Current library Date acquired Total checkouts Full call number Barcode Date last seen Price effective from Koha item type Public note
    Universal Decimal Classification     Merdinian Individual Collection Fundamental Scientific Library Fundamental Scientific Library 29/12/2016   Merd/907 FL0143790 29/12/2016 29/12/2016 Գրքեր / Books ILL Non-Circ.


ՀՀ ԳԱԱ հիմնարար գիտական գրադարան
ՀՀ,Երևան 0019
Մարշալ Բաղրամյան 24/6
հեռախոս:(374-10) 52-47-50
Հետադարձ կապ

All site content, except where otherwise noted, is licensed under a
Creative Commons License